Attractions of China by Pictures - Statistics

General Stats
  • This quiz has been taken 17 times
  • The average score is 6 of 15
Answer Stats
Picture Hint Answer % Correct
Great Wall of China
93%
Forbidden City
67%
Canton Tower
47%
Terracotta Army
47%
Hong Kong {Victoria} Peak
47%
Macau Macau Tower
40%
Potala Palace
40%
Tiananmen
40%
Temple of {Heaven}
33%
Old Town of {Lijiang}
27%
Summer Palace
27%
{Zhangjiajie} National Forest Park
20%
{Kanas} Lake
13%
Hong Kong {Wong Tai Sin} Temple
13%
Ruins of {Saint} {Paul}'s
7%
No matching quizzes found
Score Distribution
Percent of People with Each Score
Percentile by Number Answered
Your Score History
You have not taken this quiz